| 000 | 00723nam a2200193 i 4500 | ||
|---|---|---|---|
| 001 | 142045 | ||
| 003 | ES-MaACL | ||
| 005 | 20230906200430.0 | ||
| 007 | t| | ||
| 008 | 071002s1982 sp ||||1| spa d | ||
| 080 | _a871.133"-00" | ||
| 100 | 1 |
_aVirgilio Marón, Publio. _9115452 |
|
| 245 | 1 | 4 |
_aLas Geórgicas / _cde Publio Virgilio Marón ; traducción inédita en verso, por Benito Pérez Valdés ; introducción, transcripción y notas por Tomás de la Ascención Recio García. |
| 260 |
_aMieres del Camino : _bInstituto Bernaldo de Quirós, _c1982. |
||
| 300 |
_a107 p. ; _c24 c,. |
||
| 700 | 1 |
_aPérez Valdés, Benito. _991190 |
|
| 700 | 1 |
_aRecio, Tomás de la A. _995763 |
|
| 852 |
_aES-MaACL _jL-4425 _bR.105181 |
||
| 999 |
_c142045 _d142045 |
||